| 000 | 00343nam a2200133Ia 4500 | ||
|---|---|---|---|
| 008 | 230312s9999||||xx |||||||||||||| ||und|| | ||
| 082 |
_a629.132 _bENG-A |
||
| 100 | _aM.Haufe | ||
| 245 | 0 | _aPractical: Aircraft Repairs:P/66-B-1/001 | |
| 260 |
_bPerth College _c2006 |
||
| 300 | _a78 | ||
| 650 |
_aAviation _vEngineering/Technology |
||
| 942 | _cBK | ||
| 999 |
_c12958 _d12958 |
||